[Event "7th EUR-ch"]
[Site "Kusadasi TUR"]
[Date "2006.04.14"]
[Round "10.56"]
[White "Aleskerov, Faik"]
[Black "Haznedaroglu, Kivanc"]
[Result "0-1"]
[WhiteElo "2325"]
[BlackElo "2455"]
[EventDate "2006.04.04"]
[PlyCount "120"]

1.e4 c5 2.Nf3 Nc6 3.Bb5 g6 4.O-O Bg7 5.c3 Nf6 6.Re1 O-O 7.d4 cxd4 8.cxd4 
d5 9.e5 Ne4 10.Nc3 Nxc3 11.bxc3 Na5 12.Ba3 Bd7 13.Bd3 Rc8 14.Ng5 Nc4 15.
Bxc4 Rxc4 16.e6 fxe6 17.Nxe6 Bxe6 18.Rxe6 Rf7 19.Qb3 Qd7 20.Rae1 Bf6 21.g3
Qc7 22.Bb2 Rf8 23.Qd1 Qa5 24.h4 Qxa2 25.Qe2 Qb3 26.h5 gxh5 27.Qxh5 Rc6 28.
Rxe7 Bxe7 29.Rxe7 Qc2 30.Qxd5+ Kh8 31.Rf7 Qb1+ 32.Kg2 Rxf7 33.Qxf7 Qe4+ 
34.Kg1 Qe1+ 35.Kg2 Qe4+ 36.Kg1 Qb1+ 37.Kg2 Qe4+ 38.Kg1 Qb1+ 39.Kg2 Qg6 40.
Qf8+ Qg8 41.Qf3 Qc8 42.c4 Kg8 43.d5 Rh6 44.Qc3 Qh3+ 45.Kf3 Qh5+ 46.Ke3 
Qg5+ 47.Kf3 Kf7 48.Qh8 Qf5+ 49.Ke3 Rh2 50.Qg7+ Ke8 51.f4 Qg6 52.Qxg6+ hxg6
53.Bd4 a5 54.g4 Rg2 55.f5 Rxg4 56.fxg6 Rxg6 57.Kd3 Rg3+ 58.Kc2 Kd7 59.Bc3 
Kd6 60.Bxa5 Kc5 0-1

[Event "7th EUR-ch"]
[Site "Kusadasi TUR"]
[Date "2006.04.14"]
[Round "10.59"]
[White "Lopez Martinez, Josep Manuel"]
[Black "Yagiz, Yasin Emrah"]
[Result "1-0"]
[WhiteElo "2481"]
[BlackElo "2320"]
[EventDate "2006.04.04"]
[PlyCount "77"]

1.e4 e5 2.Nf3 Nc6 3.Bb5 a6 4.Ba4 d6 5.Bxc6+ bxc6 6.d4 exd4 7.Qxd4 c5 8.Qd3
Ne7 9.Nc3 Ng6 10.h4 h5 11.Bg5 Be7 12.O-O-O Bg4 13.Bxe7 Qxe7 14.Rde1 O-O 
15.Nd2 Rfb8 16.Qg3 Qf6 17.Ref1 Nf4 18.Re1 Rb4 19.a3 Rd4 20.f3 Be6 21.Qg5 
Qe5 22.g3 Ng6 23.f4 Qxg5 24.hxg5 Bg4 25.Nd5 c6 26.Ne3 d5 27.exd5 cxd5 28.
Nb3 Bf3 29.Rhf1 Be4 30.Nxc5 Rc8 31.b4 Nf8 32.Rd1 Ne6 33.Rxd4 Nxd4 34.Rf2 
a5 35.Kb2 Bh1 36.Rh2 Bf3 37.Rd2 Ne2 38.Nf5 Re8 39.Nd4 1-0

[Event "7th EUR-ch"]
[Site "Kusadasi TUR"]
[Date "2006.04.14"]
[Round "10.60"]
[White "Blatny, Pavel"]
[Black "Kurmann, Oliver"]
[Result "1-0"]
[WhiteElo "2495"]
[BlackElo "2297"]
[EventDate "2006.04.04"]
[PlyCount "85"]

1.b3 d5 2.Bb2 Bg4 3.h3 Bh5 4.d3 Nd7 5.g4 Bg6 6.f4 e6 7.Nf3 h5 8.g5 h4 9.
Nbd2 Bd6 10.e3 f6 11.Rg1 Bh5 12.Be2 Qe7 13.Nd4 Bxe2 14.Qxe2 O-O-O 15.Nb5 
a6 16.Nxd6+ Qxd6 17.O-O-O Ne7 18.Qf2 Nf5 19.e4 Ng3 20.gxf6 gxf6 21.Kb1 Kb8
22.Nf1 Nh5 23.e5 fxe5 24.fxe5 Qe7 25.Rg4 Ng7 26.Ne3 Rdf8 27.Qg2 Nf5 28.
Nxf5 Rxf5 29.Rf1 Rhf8 30.Rxf5 Rxf5 31.Rg7 Rf7 32.Rxf7 Qxf7 33.Qg5 Qf1+ 34.
Bc1 Qf8 35.d4 c5 36.Qxh4 cxd4 37.Qxd4 Qf1 38.h4 Qh1 39.Qf4 Kc7 40.Kb2 Qh3 
41.Be3 Kc6 42.Qb4 Kc7 43.Qc3+ 1-0

[Event "7th EUR-ch"]
[Site "Kusadasi TUR"]
[Date "2006.04.14"]
[Round "10.61"]
[White "Guliev, Logman"]
[Black "Arlandi, Ennio"]
[Result "1-0"]
[WhiteElo "2384"]
[BlackElo "2453"]
[EventDate "2006.04.04"]
[PlyCount "85"]

1.e4 c5 2.Nf3 e6 3.d4 cxd4 4.Nxd4 Nf6 5.Bd3 Qb6 6.Nb3 Nc6 7.Be3 Qc7 8.Nc3 
d6 9.f4 Be7 10.Qf3 O-O 11.O-O-O a6 12.g4 Nb4 13.g5 Nd7 14.Kb1 b5 15.h4 
Nxd3 16.cxd3 b4 17.Ne2 a5 18.Rc1 Qb8 19.Ned4 Bb7 20.h5 a4 21.Nd2 Nc5 22.
Bf2 f5 23.gxf6 Bxf6 24.Rhg1 Kh8 25.Rxc5 dxc5 26.Nxe6 Rf7 27.Bxc5 a3 28.b3 
Bc8 29.Nf8 Ra5 30.Qe3 Rxc5 31.Qxc5 Ba6 32.Ne6 Bxd3+ 33.Kc1 Bb2+ 34.Kd1 Qe8
35.Qd5 Rd7 36.Qf5 Bc3 37.Nf8 Bc2+ 38.Kxc2 Rxd2+ 39.Kc1 g6 40.hxg6 Rh2 41.
e5 Qe7 42.g7+ Kg8 43.Ne6 1-0

[Event "7th EUR-ch"]
[Site "Kusadasi TUR"]
[Date "2006.04.14"]
[Round "10.63"]
[White "Makolli, Perparim"]
[Black "Atakisi, Umut"]
[Result "1/2-1/2"]
[WhiteElo "2251"]
[BlackElo "2419"]
[EventDate "2006.04.04"]
[PlyCount "184"]

1.e4 c6 2.d4 d5 3.exd5 cxd5 4.c4 Nf6 5.Nc3 g6 6.cxd5 Bg7 7.Bb5+ Nbd7 8.d6 
exd6 9.Bf4 Qe7+ 10.Qe2 Qxe2+ 11.Bxe2 Ke7 12.Nf3 Nb6 13.O-O Nbd5 14.Bg5 
Nxc3 15.bxc3 h6 16.Bc1 Be6 17.Re1 Rhc8 18.Bb2 Kf8 19.Bd3 Bc4 20.Bxc4 Rxc4 
21.Nd2 Ra4 22.Kf1 Rc8 23.a3 Nd5 24.Rac1 Nb6 25.Ke2 Bf6 26.g3 Nc4 27.Nxc4 
Rcxc4 28.Kd3 d5 29.Rb1 Rc7 30.Bc1 Kg7 31.Rb5 Rd7 32.Re2 a6 33.Rb4 Ra5 34.
Rb3 Be7 35.Re5 b5 36.Re2 Ra4 37.Re5 Rc4 38.Rb1 Bf6 39.Re1 Rdc7 40.Bd2 Be7 
41.Rb3 Bd6 42.h4 Re7 43.Ra1 Ra4 44.Be3 Re6 45.Ke2 h5 46.Kd3 Kf6 47.Ke2 Kf5
48.Kf3 Re8 49.Ra2 Rc8 50.Bd2 Rcc4 51.Bf4 Bf8 52.Ke3 f6 53.Kd3 Ra5 54.Ra1 
Rca4 55.Bc1 Bd6 56.Bb2 Rc4 57.Re1 Rc8 58.Bc1 Ra4 59.Re3 Rac4 60.Rf3+ Ke6 
61.Bf4 Be7 62.Re3+ Kf7 63.Re2 R8c6 64.Ra2 Ra4 65.Bc1 Re6 66.Be3 Bd6 67.Ra1
Ke7 68.Bd2 Kd7 69.Be3 Kc6 70.Bd2 Re8 71.Be3 Kd7 72.Rb2 Re6 73.Rba2 Bf8 74.
Kc2 Bd6 75.Kb3 Ke7 76.Rg1 f5 77.Bc1 Kf7 78.f3 Be7 79.g4 hxg4 80.fxg4 Bxh4 
81.gxf5 gxf5 82.Rh2 Re1 83.Rxe1 Bxe1 84.Rh5 Kg6 85.Rh6+ Kg7 86.Rh5 Rc4 87.
Rxf5 Rxc3+ 88.Kb2 Rc4 89.Rxd5 Bc3+ 90.Kb3 Bxd4 91.Rxd4 Rxc1 92.Rd6 Kf7 
1/2-1/2

[Event "7th EUR-ch"]
[Site "Kusadasi TUR"]
[Date "2006.04.14"]
[Round "10.64"]
[White "Ziska, Helgi Dam"]
[Black "Kosintseva, Nadezhda"]
[Result "0-1"]
[WhiteElo "2306"]
[BlackElo "2469"]
[EventDate "2006.04.04"]
[PlyCount "112"]

1.e4 c5 2.Nf3 Nc6 3.Bb5 g6 4.Bxc6 dxc6 5.d3 Bg7 6.h3 Nf6 7.Nc3 O-O 8.Be3 
b6 9.Qd2 e5 10.Bh6 Qd6 11.Bxg7 Kxg7 12.Qg5 Re8 13.Nd2 b5 14.Qe3 Be6 15.O-O
Nh5 16.Nb3 c4 17.dxc4 Bxc4 18.Rfd1 Qf6 19.Na5 Be6 20.Rd6 Nf4 21.Rxc6 Qg5 
22.Qg3 Qd8 23.b4 Qd4 24.Kh2 Qxb4 25.Nb3 Rac8 26.a3 Qe7 27.Rxc8 Rxc8 28.Qe3
Qg5 29.Qg3 Qxg3+ 30.fxg3 Rxc3 31.gxf4 Rxc2 32.Rb1 Bxb3 33.Rxb3 exf4 34.
Rxb5 f3 35.Kg3 fxg2 36.Kh2 Rc3 37.Ra5 Rf3 38.Kg1 Rxh3 39.Kxg2 Re3 40.e5 g5
41.Kf2 Re4 42.e6 Kg6 43.exf7 Rf4+ 44.Kg3 Rxf7 45.Ra6+ Kh5 46.a4 h6 47.Ra5 
Rb7 48.Ra6 Rb3+ 49.Kf2 g4 50.Rxa7 Kh4 51.a5 h5 52.a6 Ra3 53.Ra8 Kh3 54.a7 
g3+ 55.Ke2 h4 56.Rh8 Rxa7 0-1

[Event "7th EUR-ch"]
[Site "Kusadasi TUR"]
[Date "2006.04.14"]
[Round "10.68"]
[White "De Lange, Hans"]
[Black "Can, Emre"]
[Result "0-1"]
[WhiteElo "1901"]
[BlackElo "2286"]
[EventDate "2006.04.04"]
[PlyCount "52"]

1.e4 e6 2.d3 d5 3.Nd2 Nf6 4.f3 Nc6 5.c3 e5 6.Ne2 Bc5 7.Nb3 Bb6 8.Qc2 a5 9.
a4 Be6 10.Bg5 h6 11.Bd2 Nd7 12.d4 dxe4 13.fxe4 Bxb3 14.Qxb3 exd4 15.Ng3 
dxc3 16.bxc3 Nc5 17.Qc2 Ne5 18.h4 Ncd3+ 19.Ke2 Qd7 20.Nf5 Qc6 21.Nxg7+ Kf8
22.Nf5 Qxe4+ 23.Ne3 Rd8 24.Rh2 Bxe3 25.Bxe3 Qg4+ 26.Kd2 Nc4# 0-1

[Event "7th EUR-ch"]
[Site "Kusadasi TUR"]
[Date "2006.04.15"]
[Round "11.7"]
[White "Fressinet, Laurent"]
[Black "Mamedov, Rauf"]
[Result "1/2-1/2"]
[WhiteElo "2633"]
[BlackElo "2538"]
[EventDate "2006.04.04"]
[PlyCount "40"]

1.e4 c5 2.Nf3 Nc6 3.Bb5 g6 4.c3 Nf6 5.e5 Nd5 6.O-O Bg7 7.d4 cxd4 8.cxd4 
O-O 9.Nc3 Nc7 10.Re1 Nxb5 11.Nxb5 d6 12.exd6 exd6 13.d5 Ne5 14.Nxe5 Bxe5 
15.Bh6 Re8 16.Qd2 Bd7 17.Nc3 Qh4 18.h3 f5 19.Bg5 Qd4 20.Qc2 Bf6 1/2-1/2

[Event "7th EUR-ch"]
[Site "Kusadasi TUR"]
[Date "2006.04.15"]
[Round "11.8"]
[White "Macieja, Bartlomiej"]
[Black "Kotronias, Vasilios"]
[Result "1-0"]
[WhiteElo "2584"]
[BlackElo "2598"]
[EventDate "2006.04.04"]
[PlyCount "85"]

1.e4 c5 2.Nf3 Nc6 3.Bb5 g6 4.Bxc6 dxc6 5.d3 Bg7 6.h3 b6 7.O-O e5 8.a3 f6 
9.b4 cxb4 10.axb4 Nh6 11.c4 O-O 12.Nc3 Nf7 13.Bb2 f5 14.exf5 gxf5 15.Ne2 
e4 16.Bxg7 exf3 17.Bxf8 fxe2 18.Qxe2 Kxf8 19.Rfe1 f4 20.Qe4 Qf6 21.Qe8+ 
Kg7 22.Qe7 Bf5 23.Ra3 Qb2 24.Rxa7 Rxa7 25.Qxa7 Bxd3 26.Qxb6 f3 27.Re3 Be2 
28.Kh2 Qd2 29.Qb8 Bd1 30.Qg3+ Kf8 31.Qb8+ Kg7 32.Qg3+ Kf8 33.b5 cxb5 34.
Qb8+ Kg7 35.Qg3+ Kf8 36.cxb5 Qd8 37.Rc3 Be2 38.Rb3 Qb6 39.Kg1 Nd6 40.Qe5 
Nf7 41.Qe4 h6 42.gxf3 Bxb5 43.Qf5 1-0

[Event "7th EUR-ch"]
[Site "Kusadasi TUR"]
[Date "2006.04.15"]
[Round "11.11"]
[White "Atalik, Suat"]
[Black "Czarnota, Pawel"]
[Result "1/2-1/2"]
[WhiteElo "2632"]
[BlackElo "2529"]
[EventDate "2006.04.04"]
[PlyCount "97"]

1.d4 Nf6 2.c4 g6 3.Nc3 d6 4.e4 Bg7 5.f3 O-O 6.Nge2 a6 7.Be3 Nbd7 8.Qd2 c5 
9.dxc5 dxc5 10.Rd1 Qa5 11.Nc1 e6 12.Be2 Qc7 13.Nd3 b6 14.Bf4 Qc6 15.e5 Ne8
16.Qe3 b5 17.b3 bxc4 18.bxc4 Bb7 19.O-O f5 20.Rfe1 Rf7 21.Bf1 Rc8 22.h4 
Nb6 23.Nf2 Rd7 24.Rxd7 Qxd7 25.Rd1 Qc7 26.Nh3 h6 27.Bxh6 Qxe5 28.Rb1 Rc6 
29.Qxe5 Bxe5 30.Na4 Nxa4 31.Rxb7 Nd6 32.Re7 Bd4+ 33.Kh2 Nf7 34.Re8+ Kh7 
35.Ng5+ Kxh6 36.Nxf7+ Kg7 37.Ng5 e5 38.Re7+ Kf8 39.Rf7+ Kg8 40.Re7 Kf8 41.
Ra7 Be3 42.Nh7+ Kg8 43.g4 Rd6 44.g5 Nc3 45.Kh3 Rd1 46.h5 Rxf1 47.Nf6+ Kf8 
48.hxg6 Rxf3+ 49.Kg2 1/2-1/2

[Event "7th EUR-ch"]
[Site "Kusadasi TUR"]
[Date "2006.04.15"]
[Round "11.14"]
[White "Socko, Bartosz"]
[Black "Hillarp Persson, Tiger"]
[Result "1-0"]
[WhiteElo "2606"]
[BlackElo "2524"]
[EventDate "2006.04.04"]
[PlyCount "121"]

1.e4 c5 2.Nf3 d6 3.d4 cxd4 4.Nxd4 Nf6 5.Nc3 Nc6 6.Bg5 e6 7.Qd2 a6 8.O-O-O 
Bd7 9.Kb1 h6 10.Be3 Ng4 11.Nxc6 bxc6 12.Bf4 e5 13.Bg3 Be6 14.Be2 Qb6 15.
Rhf1 g5 16.h4 Rg8 17.hxg5 hxg5 18.Na4 Qc7 19.f3 Nf6 20.Bf2 Nd7 21.c4 Nc5 
22.Nxc5 dxc5 23.Be3 Be7 24.g3 Rd8 25.Qc1 a5 26.Rh1 a4 27.Qc3 Rd4 28.Bxd4 
cxd4 29.Qc2 Qa5 30.c5 Kd7 31.f4 gxf4 32.gxf4 a3 33.b3 exf4 34.Rxd4+ Kc7 
35.Rc1 Rg2 36.b4 Qa8 37.Rd2 Rg5 38.Bc4 Bc8 39.Qc3 Qb8 40.Bb3 f6 41.Rf1 Kb7
42.Bc4 Qe5 43.Qxa3 Kb8 44.Qf3 f5 45.Qxf4 fxe4 46.Re2 Qxf4 47.Rxf4 Bf5 48.
Kc2 Kc7 49.Kb3 Rg3+ 50.Ka4 Bg6 51.Bf7 Bh7 52.Be6 Bg6 53.Rg4 Rxg4 54.Bxg4 
Bg5 55.Rg2 Bf6 56.Bd1 Be8 57.Rf2 Bg5 58.Rf5 Bd2 59.Re5 Bg6 60.Re7+ Kd8 61.
Re6 1-0

[Event "7th EUR-ch"]
[Site "Kusadasi TUR"]
[Date "2006.04.15"]
[Round "11.16"]
[White "Nevednichy, Vladislav"]
[Black "Turov, Maxim"]
[Result "1/2-1/2"]
[WhiteElo "2582"]
[BlackElo "2539"]
[EventDate "2006.04.04"]
[PlyCount "107"]

1.e4 e5 2.Bc4 Nf6 3.d3 Nc6 4.Nf3 Bc5 5.c3 d6 6.Bb3 h6 7.h3 a6 8.Nbd2 Ba7 
9.O-O O-O 10.Re1 Nh5 11.Nf1 Qf6 12.Be3 Nf4 13.Kh2 Kh8 14.Bxa7 Nxa7 15.Ne3 
Nc6 16.Ng1 Be6 17.g3 Bxb3 18.axb3 Ng6 19.Rf1 Nce7 20.Qg4 Qe6 21.Qxe6 fxe6 
22.b4 Rf7 23.Kg2 Raf8 24.Nc4 Nc6 25.h4 Nge7 26.Nh3 Nc8 27.Rae1 Nb6 28.Nxb6
cxb6 29.f4 g6 30.Rf2 Kg7 31.Ref1 b5 32.Rf3 b6 33.R3f2 a5 34.bxa5 bxa5 35.
Rd1 b4 36.d4 bxc3 37.bxc3 exd4 38.cxd4 Ra8 39.d5 exd5 40.Rxd5 a4 41.Rxd6 
Nb4 42.Rb6 a3 43.Rxb4 a2 44.Rf1 a1=Q 45.Rxa1 Rxa1 46.Rb2 Rfa7 47.f5 gxf5 
48.exf5 R1a2 49.Rxa2 Rxa2+ 50.Kf3 Kf6 51.g4 Ke5 52.Kg3 Ra3+ 53.Kg2 h5 54.
gxh5 1/2-1/2

[Event "7th EUR-ch"]
[Site "Kusadasi TUR"]
[Date "2006.04.15"]
[Round "11.17"]
[White "Chuchelov, Vladimir"]
[Black "Balogh, Csaba"]
[Result "0-1"]
[WhiteElo "2538"]
[BlackElo "2576"]
[EventDate "2006.04.04"]
[PlyCount "86"]

1.Nf3 Nf6 2.c4 e6 3.Nc3 Bb4 4.Qc2 c5 5.a3 Ba5 6.g3 O-O 7.Bg2 Nc6 8.O-O d6 
9.d3 h6 10.e3 e5 11.Nd2 Bxc3 12.Qxc3 a5 13.b3 Be6 14.f4 Qd7 15.Nf3 Rfe8 
16.Bb2 Bh3 17.Qd2 Bxg2 18.Kxg2 Rad8 19.e4 a4 20.b4 Nd4 21.Rae1 b5 22.bxc5 
Nb3 23.Qe2 Nxc5 24.fxe5 dxe5 25.Nxe5 Qd6 26.Rf5 Nxd3 27.Qxd3 Qxe5 28.Qc2 
Qxf5 29.exf5 Rxe1 30.Bxf6 gxf6 31.cxb5 Re3 32.Qxa4 Rd2+ 33.Kh3 h5 34.Qf4 
Ree2 35.g4 Rd3+ 36.Kh4 Rg2 37.gxh5 Rgd2 38.Qb8+ Rd8 39.Qg3+ Kh7 40.Qc7 
R8d7 41.Qc6 R2d6 42.Qg2 Rd3 43.h6 Kxh6 0-1

[Event "7th EUR-ch"]
[Site "Kusadasi TUR"]
[Date "2006.04.15"]
[Round "11.18"]
[White "Kurnosov, Igor"]
[Black "Palac, Mladen"]
[Result "0-1"]
[WhiteElo "2526"]
[BlackElo "2561"]
[EventDate "2006.04.04"]
[PlyCount "78"]

1.e4 c5 2.Nf3 d6 3.d4 cxd4 4.Nxd4 Nf6 5.Nc3 Nc6 6.Bg5 e6 7.Qd2 Be7 8.O-O-O
a6 9.Be2 Bd7 10.Nb3 b5 11.Bxf6 gxf6 12.Bh5 b4 13.Ne2 Qb6 14.f4 Rf8 15.Kb1 
a5 16.Nbd4 O-O-O 17.c3 Kb8 18.cxb4 axb4 19.Rc1 Rc8 20.Bf3 Rfd8 21.f5 Ne5 
22.fxe6 fxe6 23.Nf4 d5 24.exd5 Nxf3 25.Nxf3 e5 26.Ne2 Rxc1+ 27.Rxc1 Bf5+ 
28.Ka1 Be4 29.Ned4 Bxd5 30.Qe2 Rd7 31.Qc2 Qa6 32.Nb3 Ra7 33.Na5 b3 34.Qc3 
Bd8 35.Qc5 Rc7 36.Qb4+ Rb7 37.Qc5 Qxa5 38.Qd6+ Ka7 39.a3 Be7 0-1

[Event "7th EUR-ch"]
[Site "Kusadasi TUR"]
[Date "2006.04.15"]
[Round "11.19"]
[White "Kotanjian, Tigran"]
[Black "Gagunashvili, Merab"]
[Result "0-1"]
[WhiteElo "2435"]
[BlackElo "2560"]
[EventDate "2006.04.04"]
[PlyCount "75"]

1.d4 Nf6 2.c4 e6 3.Nc3 Bb4 4.Qc2 O-O 5.a3 Bxc3+ 6.Qxc3 d6 7.g3 e5 8.dxe5 
dxe5 9.Bg2 Re8 10.Nf3 Nc6 11.b4 a5 12.Bb2 Qe7 13.O-O e4 14.Nd2 Bf5 15.b5 
Ne5 16.Nb3 a4 17.Nd4 Bg6 18.Rfd1 Qc5 19.Rac1 Rad8 20.f4 exf3 21.exf3 Rd6 
22.f4 Neg4 23.Re1 Ne4 24.Qb4 Qh5 25.h4 Rdd8 26.Bxe4 Bxe4 27.Re2 Nf6 28.Qe1
c5 29.bxc6 bxc6 30.c5 Qg6 31.Re3 Bd5 32.Rcc3 Qg4 33.Kh2 Qd7 34.Rxe8+ Rxe8 
35.Qd1 Ng4+ 36.Kg1 Ne3 37.Qd2 Qh3 38.Rxe3 0-1

[Event "7th EUR-ch"]
[Site "Kusadasi TUR"]
[Date "2006.04.15"]
[Round "11.20"]
[White "Petrosian, Tigran L."]
[Black "Galkin, Alexander"]
[Result "1/2-1/2"]
[WhiteElo "2571"]
[BlackElo "2618"]
[EventDate "2006.04.04"]
[PlyCount "119"]

1.e4 c6 2.d4 d5 3.Nc3 dxe4 4.Nxe4 Nd7 5.Ng5 Ngf6 6.Bd3 e6 7.N1f3 Bd6 8.Qe2
h6 9.Ne4 Nxe4 10.Qxe4 Qc7 11.O-O b6 12.Qg4 Kf8 13.Re1 Bb7 14.c3 c5 15.Qh3 
Rd8 16.Kh1 Nf6 17.Bd2 Kg8 18.Rad1 Bd5 19.b3 Qb7 20.Be3 Bxf3 21.gxf3 Kf8 
22.Bc4 Qc7 23.Rg1 Be7 24.Qg3 Qxg3 25.fxg3 cxd4 26.Bxd4 g6 27.Rd3 Kg7 28.
Rgd1 Rhf8 29.Kg2 Kg8 30.Kf1 h5 31.Ke2 h4 32.a4 hxg3 33.hxg3 Nh5 34.Bf2 
Rxd3 35.Rxd3 Rd8 36.Ba6 Kf8 37.Rxd8+ Bxd8 38.Kd3 Nf6 39.Kc4 Ne8 40.b4 Ke7 
41.Kb3 e5 42.c4 e4 43.Bb7 exf3 44.Bxf3 Kd7 45.Bd5 f5 46.b5 Nf6 47.Bc6+ Kc8
48.a5 Nd7 49.Bxd7+ Kxd7 50.a6 Kc8 51.Kc3 Bf6+ 52.Bd4 Bxd4+ 53.Kxd4 g5 54.
Ke5 f4 55.gxf4 gxf4 56.Ke4 Kb8 57.Kxf4 Ka8 58.Ke5 Kb8 59.Kd6 Ka8 60.Kc7 
1/2-1/2

[Event "7th EUR-ch"]
[Site "Kusadasi TUR"]
[Date "2006.04.15"]
[Round "11.21"]
[White "Fedorov, Alexei"]
[Black "l`Ami, Erwin"]
[Result "1/2-1/2"]
[WhiteElo "2614"]
[BlackElo "2565"]
[EventDate "2006.04.04"]
[PlyCount "43"]

1.e4 e5 2.Nf3 Nc6 3.Bc4 Nf6 4.d3 Bc5 5.c3 O-O 6.O-O d6 7.Bb3 a6 8.h3 h6 9.
Re1 Ba7 10.Nbd2 Nh5 11.Nf1 Qf6 12.Ne3 Nf4 13.Ng4 Qg6 14.Bxf4 exf4 15.d4 
Bxg4 16.hxg4 Qxg4 17.Qd3 Ne7 18.e5 d5 19.Bc2 g6 20.Qd2 c5 21.Nh2 Qg5 22.
Nf3 1/2-1/2

[Event "7th EUR-ch"]
[Site "Kusadasi TUR"]
[Date "2006.04.15"]
[Round "11.29"]
[White "Esen, Baris"]
[Black "Dgebuadze, Alexandre"]
[Result "0-1"]
[WhiteElo "2429"]
[BlackElo "2535"]
[EventDate "2006.04.04"]
[PlyCount "54"]

1.d4 Nf6 2.c4 e6 3.Nf3 Bb4+ 4.Nbd2 b6 5.a3 Bxd2+ 6.Qxd2 O-O 7.e3 Bb7 8.Be2
Ne4 9.Qc2 f5 10.O-O Rf6 11.Rd1 Rg6 12.b4 d6 13.Bb2 Nd7 14.d5 e5 15.Nd2 Qh4
16.Nxe4 fxe4 17.g3 Nf6 18.c5 Rf8 19.cxd6 cxd6 20.Rac1 Ng4 21.Bxg4 Qxg4 22.
Rd2 Ba6 23.a4 Bd3 24.Rxd3 exd3 25.Qxd3 Qxb4 26.Qa3 Qd2 27.f4 Rh6 0-1

[Event "7th EUR-ch"]
[Site "Kusadasi TUR"]
[Date "2006.04.15"]
[Round "11.30"]
[White "Iotov, Valentin"]
[Black "Winants, Luc"]
[Result "1/2-1/2"]
[WhiteElo "2432"]
[BlackElo "2530"]
[EventDate "2006.04.04"]
[PlyCount "222"]

1.d4 Nf6 2.c4 e6 3.Nc3 Bb4 4.e3 c5 5.Bd3 Nc6 6.Nf3 Bxc3+ 7.bxc3 d6 8.e4 e5
9.d5 Ne7 10.Nd2 Qa5 11.Qc2 O-O 12.Nf1 Nh5 13.Ng3 Nf4 14.O-O Bd7 15.Bxf4 
exf4 16.Nf5 Nxf5 17.exf5 Qd8 18.Rae1 Qg5 19.f3 Rfe8 20.Re4 g6 21.fxg6 hxg6
22.Qd2 Bf5 23.h4 Qg3 24.Rxf4 Bxd3 25.Rg4 Re2 26.Qxe2 Qxg4 27.Qxd3 Qxh4 28.
Qe2 Kg7 29.f4 Rh8 30.Qf3 Qh2+ 31.Kf2 Re8 32.Rb1 b6 33.f5 Re5 34.fxg6 fxg6 
35.Qg4 Rf5+ 36.Ke3 Qe5+ 37.Kd3 Rf4 38.Qd7+ Rf7 39.Qg4 Rf5 40.a4 Rf4 41.
Qd7+ Rf7 42.Qg4 Rf4 43.Qd7+ Kf6 44.Qd8+ Kf7 45.Qd7+ Kf6 46.Qd8+ Kf5 47.
Qd7+ Kg5 48.Qd8+ Kg4 49.Qd7+ Kg5 50.Qd8+ Kg4 51.Qd7+ Rf5 52.Rd1 Kf4 53.Kc2
Qe2+ 54.Rd2 Qe4+ 55.Kb2 Ke3 56.Rc2 Kd3 57.Qxd6 Rf1 58.Qg3+ Kxc4 59.d6 Qe1 
60.Qxe1 Rxe1 61.Rd2 Re8 62.d7 Rd8 63.g4 g5 64.Rd6 b5 65.axb5 Kxb5 66.Kb3 
c4+ 67.Ka3 Kc5 68.Rg6 Rxd7 69.Rxg5+ Kd6 70.Kb4 Rc7 71.Ra5 Rf7 72.g5 Rf4 
73.Rxa7 Rg4 74.g6 Kc6 75.Rg7 Kb6 76.Rg8 Kc6 77.Ka5 Rg5+ 78.Kb4 Rg4 79.Ka3 
Kb6 80.Kb2 Rg3 81.Kc2 Kb7 82.Rg7+ Kb6 83.Rg8 Kb7 84.g7 Rg2+ 85.Kd1 Ka7 86.
Ke1 Kb7 87.Kf1 Rg6 88.Kf2 Rg4 89.Kf3 Rg1 90.Kf4 Rg2 91.Ke5 Rg1 92.Kd6 Rg3 
93.Kc5 Rg4 94.Kb5 Ka7 95.Kc6 Rg6+ 96.Kc7 Rg3 97.Kc6 Rg4 98.Kc5 Kb7 99.Kb5 
Ka7 100.Rc8 Rxg7 101.Rxc4 Kb7 102.Rc5 Rg6 103.Rh5 Rb6+ 104.Kc4 Rg6 105.Kd5
Kc7 106.c4 Rd6+ 107.Kc5 Rc6+ 108.Kb4 Rb6+ 109.Kc3 Rg6 110.Rh7+ Kc6 111.Rh4
Kb6 1/2-1/2

[Event "7th EUR-ch"]
[Site "Kusadasi TUR"]
[Date "2006.04.15"]
[Round "11.31"]
[White "Moiseenko, Olexandr"]
[Black "Iljushin, Alexei"]
[Result "1-0"]
[WhiteElo "2662"]
[BlackElo "2483"]
[EventDate "2006.04.04"]
[PlyCount "53"]

1.d4 e6 2.c4 f5 3.g3 Nf6 4.Bg2 d5 5.Nh3 c6 6.O-O Bd6 7.Bf4 Be7 8.Qc2 O-O 
9.Nc3 Nh5 10.Rad1 Nd7 11.Bc1 Ndf6 12.f3 dxc4 13.e4 g6 14.a4 Bd7 15.Kh1 Re8
16.Qe2 b5 17.g4 Ng7 18.gxf5 gxf5 19.Bh6 Qc8 20.Rg1 Bf8 21.Qf2 b4 22.Ne2 
fxe4 23.Qh4 Qd8 24.fxe4 Kh8 25.Ng5 Qe7 26.Nf4 Ng8 27.Ng6+ 1-0

[Event "7th EUR-ch"]
[Site "Kusadasi TUR"]
[Date "2006.04.15"]
[Round "11.32"]
[White "Gashimov, Vugar"]
[Black "Mastrovasilis, Athanasios"]
[Result "1-0"]
[WhiteElo "2659"]
[BlackElo "2508"]
[EventDate "2006.04.04"]
[PlyCount "61"]

1.c4 e6 2.g3 d5 3.Bg2 g6 4.Nf3 Bg7 5.O-O Ne7 6.d4 Nbc6 7.Nc3 O-O 8.e4 dxc4
9.Be3 e5 10.d5 Na5 11.Nh4 f5 12.Bg5 Bf6 13.Bxf6 Rxf6 14.f4 exf4 15.e5 Rb6 
16.Qe2 fxg3 17.hxg3 Bd7 18.Nf3 Qf8 19.Rad1 Qg7 20.Qf2 Rf8 21.Qc5 f4 22.
Qxa5 Nf5 23.Rde1 Rxb2 24.Qxc7 Ne3 25.Re2 Rxe2 26.Nxe2 Nxd5 27.Qc5 Be6 28.
Nxf4 Nxf4 29.Ng5 Nd3 30.Qd6 Bf5 31.Bd5+ 1-0

[Event "7th EUR-ch"]
[Site "Kusadasi TUR"]
[Date "2006.04.15"]
[Round "11.36"]
[White "Pashikian, Arman"]
[Black "Kempinski, Robert"]
[Result "1/2-1/2"]
[WhiteElo "2475"]
[BlackElo "2586"]
[EventDate "2006.04.04"]
[PlyCount "20"]

1.e4 c5 2.Nf3 d6 3.Nc3 a6 4.d4 cxd4 5.Nxd4 Nf6 6.Bc4 e6 7.Bb3 b5 8.Qf3 Qb6
9.Be3 Qb7 10.O-O-O Be7 1/2-1/2

[Event "7th EUR-ch"]
[Site "Kusadasi TUR"]
[Date "2006.04.15"]
[Round "11.38"]
[White "Predojevic, Borki"]
[Black "Kovacevic, Blazimir"]
[Result "1/2-1/2"]
[WhiteElo "2566"]
[BlackElo "2468"]
[EventDate "2006.04.04"]
[PlyCount "33"]

1.e4 d5 2.exd5 Qxd5 3.Nc3 Qa5 4.Bc4 Nf6 5.d3 c6 6.Qe2 e6 7.Bd2 Qc7 8.f4 
Bd6 9.Nh3 O-O 10.Ne4 Nbd7 11.Nxd6 Qxd6 12.O-O b5 13.Bb3 Bb7 14.Ng5 c5 15.
Rae1 Rae8 16.c3 h6 17.Nf3 1/2-1/2

[Event "7th EUR-ch"]
[Site "Kusadasi TUR"]
[Date "2006.04.15"]
[Round "11.39"]
[White "Erenburg, Sergey"]
[Black "Erdogdu, Mert"]
[Result "1-0"]
[WhiteElo "2554"]
[BlackElo "2375"]
[EventDate "2006.04.04"]
[PlyCount "87"]

1.e4 e5 2.Nf3 Nc6 3.Bb5 a6 4.Ba4 Nf6 5.d3 d6 6.c3 Be7 7.Nbd2 O-O 8.O-O Nd7
9.Re1 Nc5 10.Bc2 Ne6 11.Nc4 Ng5 12.Nxg5 Bxg5 13.d4 Bxc1 14.Rxc1 Qf6 15.Ne3
Ne7 16.Bb3 Ng6 17.g3 c6 18.Rc2 Qg5 19.Rd2 Bh3 20.Kh1 h6 21.Qe2 Rae8 22.
dxe5 dxe5 23.Red1 Kh7 24.Qf3 Kh8 25.Bc2 Be6 26.h4 Qf6 27.Qxf6 gxf6 28.Bb3 
Bc8 29.Nf5 Kh7 30.Nd6 Re7 31.h5 Nh8 32.Nxc8 Rxc8 33.Kg2 Kg7 34.Rd7 Rce8 
35.Rxe7 Rxe7 36.Rd8 f5 37.exf5 f6 38.Rg8+ Kh7 39.Kf1 Rc7 40.Ke2 Rd7 41.a4 
Nf7 42.Rg6 Nd6 43.Bg8+ Kh8 44.Be6 1-0

[Event "7th EUR-ch"]
[Site "Kusadasi TUR"]
[Date "2006.04.15"]
[Round "11.41"]
[White "Shanava, Konstantine"]
[Black "Hulak, Krunoslav"]
[Result "1-0"]
[WhiteElo "2484"]
[BlackElo "2541"]
[EventDate "2006.04.04"]
[PlyCount "69"]

1.e4 c5 2.Nf3 d6 3.d4 cxd4 4.Nxd4 Nf6 5.Nc3 Nc6 6.Bc4 Qb6 7.Nb3 e6 8.Be3 
Qc7 9.Bd3 a6 10.f4 b5 11.Qf3 Bb7 12.O-O Be7 13.Kh1 O-O 14.Qh3 Nb4 15.Nd4 
Nxd3 16.cxd3 Rac8 17.a3 Nd7 18.Rf3 Bf6 19.Rg3 Rfe8 20.Rf1 Qd8 21.Nf3 Qe7 
22.Ng5 Nf8 23.f5 d5 24.fxe6 fxe6 25.e5 Bxg5 26.Bxg5 Qd7 27.Qh5 d4 28.Ne2 
Rc2 29.Nf4 Rxb2 30.Bf6 Re7 31.Bxe7 Qxe7 32.Nh3 Bc6 33.Ng5 h6 34.Nf7 Kh7 
35.Rxg7+ 1-0

[Event "7th EUR-ch"]
[Site "Kusadasi TUR"]
[Date "2006.04.15"]
[Round "11.43"]
[White "Sedlak, Nikola"]
[Black "Weiss, Christian"]
[Result "1-0"]
[WhiteElo "2564"]
[BlackElo "2437"]
[EventDate "2006.04.04"]
[PlyCount "107"]

1.d4 d5 2.Bf4 c6 3.e3 Nf6 4.c4 e6 5.Nc3 Bd6 6.Bg3 Bxg3 7.hxg3 Nbd7 8.Nf3 
a6 9.cxd5 Nxd5 10.Bd3 Nxc3 11.bxc3 c5 12.Qc2 h6 13.g4 Qc7 14.g5 b6 15.g6 
f6 16.Qb3 Ke7 17.d5 b5 18.Be4 Nb6 19.d6+ Qxd6 20.Bxa8 Nxa8 21.Rd1 Qc7 22.
Rh5 Nb6 23.Kf1 Bd7 24.Kg1 Rd8 25.e4 Nc4 26.a4 Be8 27.axb5 Rxd1+ 28.Qxd1 
Bxg6 29.Rh3 axb5 30.Rg3 Kf7 31.Nh4 Bh7 32.Qh5+ Kf8 33.Ng6+ Bxg6 34.Qxg6 
Qf7 35.Qh7 Qg8 36.Qxg8+ Kxg8 37.Rd3 Kf8 38.Rd7 Na3 39.Rb7 Nb1 40.c4 b4 41.
Rc7 Nd2 42.Rxc5 b3 43.Rb5 Nxc4 44.Rxb3 Nd6 45.f3 e5 46.Kf2 Kf7 47.Rb6 Ke6 
48.Ra6 h5 49.g3 g6 50.Ke3 f5 51.exf5+ gxf5 52.f4 exf4+ 53.Kxf4 Ke7 54.Ke5 
1-0

[Event "7th EUR-ch"]
[Site "Kusadasi TUR"]
[Date "2006.04.15"]
[Round "11.44"]
[White "Godena, Michele"]
[Black "Manca, Federico"]
[Result "1/2-1/2"]
[WhiteElo "2537"]
[BlackElo "2417"]
[EventDate "2006.04.04"]
[PlyCount "37"]

1.e4 c5 2.Nf3 Nc6 3.c3 d5 4.exd5 Qxd5 5.d4 cxd4 6.cxd4 e5 7.Nc3 Bb4 8.Bd2 
Bxc3 9.Bxc3 e4 10.Ne5 Nxe5 11.dxe5 Ne7 12.Be2 O-O 13.O-O Bd7 14.Bc4 Qxc4 
15.Qxd7 Nd5 16.Qxb7 Nxc3 17.bxc3 e3 18.fxe3 Qxc3 19.Rfe1 1/2-1/2